[Event "COL-ch"]
[Site "Cartagena"]
[Date "2023.06.11"]
[Round "7"]
[White "Cotes, Donato"]
[Black "Strusberg Crespo, Caleb Joshua"]
[Result "1-0"]
[WhiteElo "1647"]
[BlackElo "1528"]
[PlyCount "53"]
[EventDate "2023.06.08"]
[EventType "swiss"]
[EventRounds "9"]
[EventCountry "COL"]
[SourceTitle "CBM 215 Extra"]
[Source "ChessBase"]
[SourceDate "2023.09.30"]
[SourceVersion "1"]
[SourceVersionDate "2023.09.30"]
[SourceQuality "1"]

1. d4 d5 2. Nf3 Nc6 3. Bf4 Bf5 4. e3 a6 5. c3 e6 6. Bd3 Bg6 7. h4 Bd6 8. h5 Bxd3 9. Qxd3 Bxf4 10. exf4 Nf6 11. Ne5 Qd6 12. Nd2 Nd7 13. Qg3 Rg8 14. Qd3 Rh8 15. a4 f6 16. Nxd7 Qxd7 17. b4 Qd6 18. g3 Kd7 19. 0-0 f5 20. Nf3 Ne7 21. Rfe1 h6 22. b5 c6 23. c4 Qb4 24. Qe2 dxc4 25. Qxe6+ Kd8 26. Ne5 Re8 27. Qd7# 1-0

[Event "COL-ch"]
[Site "Cartagena"]
[Date "2023.06.10"]
[Round "5"]
[White "Merino Vanegas, Santiago Andres"]
[Black "Strusberg Crespo, Caleb Joshua"]
[Result "0-1"]
[WhiteElo "1156"]
[BlackElo "1528"]
[PlyCount "88"]
[EventDate "2023.06.08"]
[EventType "swiss"]
[EventRounds "9"]
[EventCountry "COL"]
[SourceTitle "CBM 215 Extra"]
[Source "ChessBase"]
[SourceDate "2023.09.30"]
[SourceVersion "1"]
[SourceVersionDate "2023.09.30"]
[SourceQuality "1"]

1. e4 e6 2. d4 d5 3. e5 c5 4. c3 Nc6 5. Nf3 Qb6 6. Be2 cxd4 7. cxd4 f6 8. Qa4 Bd7 9. exf6 Nxf6 10. Nc3 Bd6 11. Bd2 0-0 12. 0-0 a6 13. a3 Na5 14. Qc2 Nc4 15. b4 Nxd2 16. Qxd2 a5 17. bxa5 Qxa5 18. a4 Bb4 19. Rfc1 Rac8 20. Rab1 Ne4 21. Qd3 Nxc3 22. Ra1 Nxe2+ 23. Qxe2 Rxc1+ 24. Rxc1 Rc8 25. Rxc8+ Bxc8 26. Ng5 h6 27. Nxe6 Bxe6 28. Qxe6+ Kf8 29. Qc8+ Kf7 30. Qxb7+ Be7 31. g3 Qe1+ 32. Kg2 Qe4+ 33. Kf1 Qxd4 34. Qb5 Qc4+ 35. Kg2 Qxb5 36. axb5 Ke6 37. Kf3 Bc5 38. Ke2 Ke5 39. f3 g5 40. Kd3 h5 41. h3 h4 42. gxh4 gxh4 43. Ke2 Kf4 44. b6 Bxb6 0-1

[Event "COL-ch"]
[Site "Cartagena"]
[Date "2023.06.09"]
[Round "4"]
[White "Strusberg Crespo, Caleb Joshua"]
[Black "Carrol Pineda, Heiner Alonso"]
[Result "0-1"]
[WhiteElo "1528"]
[BlackElo "1485"]
[PlyCount "30"]
[EventDate "2023.06.08"]
[EventType "swiss"]
[EventRounds "9"]
[EventCountry "COL"]
[SourceTitle "CBM 215 Extra"]
[Source "ChessBase"]
[SourceDate "2023.09.30"]
[SourceVersion "1"]
[SourceVersionDate "2023.09.30"]
[SourceQuality "1"]

1. e4 d5 2. exd5 Qxd5 3. Nc3 Qa5 4. Nf3 Nf6 5. d4 Bg4 6. Be2 e6 7. h3 Bh5 8. 0-0 Nbd7 9. Bf4 c6 10. a3 Qd8 11. Qd2 Be7 12. Rfe1 0-0 13. Rad1 Nd5 14. Nxd5 cxd5 15. c3 Bg6 0-1